Le top 5 de la Serie A par saison - Statistiques

Statistiques générales
  • Ce quiz a été pris 288 fois
  • Le résultat moyen est 11 sur 15
Statistiques - réponses
Saison 1ER % Correct
2022-2023 AC Milan
100%
2021-2022 Inter Milan
100%
2023-2024 Juventus
100%
2020-2021 SSC Napoli
98%
2018-2019 AS Rome
96%
2019-2020 Lazio Rome
94%
2017-2018 Atalanta Bergame
87%
2012-2013 ACF Fiorentina
79%
2009-2010 Bologne FC
73%
2016-2017 Parma Calcio
63%
2010-2011 Genoa CFC
59%
2011-2012 Palermo FC
51%
2013-2014 UC Sampdoria
50%
2014-2015 Udinese Calcio
49%
2015-2016 AC ChievoVerona
19%
Aucun quiz correspondant
Distribution des résultats
% des personnes avec chaque résultat
Percentile par nombre de réponses
Votre historique - résultats
Vous n’avez pas pris ce quiz